Paradigma logístico-metodológico de enseñanza universitaria en ciencias de la educación / (Record no. 190355)

MARC details
000 -LEADER
campo de control de longitud fija 01163nam a2200265 i 4500
001 - NÚMERO DE CONTROL
campo de control 190355
003 - IDENTIFICADOR DE NÚMERO DE CONTROL
campo de control SpMaBN
005 - FECHA Y HORA DE LA ÚLTIMA TRANSACCIÓN
campo de control 20250829125400.0
008 - DATOS DE LONGITUD FIJA--INFORMACIÓN GENERAL
campo de control de longitud fija 201111s1977 sp |||| | spa d
080 ## - NÚMERO DE LA CLASIFICACIÓN DECIMAL UNIVERSAL
Número de la Clasificación Decimal Universal 37.01:378(043.2)
080 ## - NÚMERO DE LA CLASIFICACIÓN DECIMAL UNIVERSAL
Número de la Clasificación Decimal Universal 378:37.01(043.2)
100 1# - ENTRADA PRINCIPAL--NOMBRE DE PERSONA
Nombre de persona Benedito Antolí, Vicente.
9 (RLIN) 170752
245 10 - MENCIÓN DEL TÍTULO
Título Paradigma logístico-metodológico de enseñanza universitaria en ciencias de la educación /
Mención de responsabilidad, etc. Vicente Benedito Antolí.
260 ## - PUBLICACIÓN, DISTRIBUCIÓN, ETC.
Lugar de publicación, distribución, etc. Barcelona :
Nombre del editor, distribuidor, etc. Universidad de Barcelona, [Facultad de Filosofía y Ciencias de la Educación],
Fecha de publicación, distribución, etc. 1977.
300 ## - DESCRIPCIÓN FÍSICA
Extensión 22 p. ;
Dimensiones 25 cm.
500 ## - NOTA GENERAL
Nota general Referencias bibliográficas.
502 ## - NOTA DE TESIS
Nota de tesis Tesis-Univ. Barcelona (Extracto)
594 ## - Nota al título y mención de responsabilidad
Nota al título y mención de responsabilidad Precede al tít.: Universidad de Barcelona. Secretariado de Publicaciones, Intercambio Científico y Extensión Universitaria.
650 #7 - PUNTO DE ACCESO ADICIONAL DE MATERIA--TÉRMINO DE MATERIA
Término de materia o nombre geográfico como elemento de entrada Pedagogía-
Subdivisión general Estudio y enseñanza
Fuente del encabezamiento o término
9 (RLIN) 170753
655 ## - TERMINO DE INDIZACIÓN--GENERO/FORMA
Datos o término principal de género/forma Tesis y escritos académicos
9 (RLIN) 226867
710 2# - ENTRADA AGREGADA--NOMBRE DE ENTIDAD CORPORATIVA
Nombre de entidad corporativa o nombre de jurisdicción como elemento de entrada Universidad de Barcelona.
Unidad subordinada Facultad de Filosofía y Ciencias de la Educación.
9 (RLIN) 174511
852 4# - LOCALIZACIÓN
Ubicación ES-MaACL
Número de control de estantería P-1415 (107)
itemnumber 197563
Sublocalización o colección R.68610
Ubicación en estantería Depósito 2
942 ## - ELEMENTOS DE ENTRADA SECUNDARIOS (KOHA)
Fuente del sistema de clasificación o colocación Clasificación decimal universal
Holdings
Estatus retirado Estado de pérdida Fuente del sistema de clasificación o colocación Estado de daño No para préstamo Biblioteca de origen Biblioteca actual Ubicación en estantería Fecha de adquisición Fuente de adquisición Total de préstamos Signatura topográfica completa Código de barras Visto por última vez Precio de reemplazo Tipo de ítem Koha
    Clasificación decimal universal     Biblioteca del Ateneo de Madrid Biblioteca del Ateneo de Madrid Depósito 2 17/07/2005 Donación   P-1415 (107) 1202359 23/02/2023 23/02/2023 Libro impreso